| 000 | 00933cam a2200301 a 4500 | ||
|---|---|---|---|
| 001 | 6048 | ||
| 003 | FISKH | ||
| 005 | 20250227093957.0 | ||
| 008 | 960229s1996 paua b 000 1 eng d | ||
| 010 | _a 95080776 | ||
| 040 |
_aCoGjP _cCoGjP _dDLC _beng |
||
| 050 | _aPZ7.B767 I | ||
| 082 | _a813.54 | ||
| 100 | 1 | _aBrimner, Larry Dane. | |
| 245 | 1 | 0 |
_aIf dogs had wings / _cLarry Dane Brimner ; illustrated by Chris L. Demarest. |
| 260 |
_aHonesdale, Penna. : _bTroll, _c1996. |
||
| 300 |
_a30 unnumbered pages : _bcolor illustrations ; _c26 cm |
||
| 505 | _aG | ||
| 520 | _aA dog imagines what the world would be like for dogs if they had wings. | ||
| 521 | 8 |
_a300
_bLexile |
|
| 521 | 8 |
_aG
_bRaz-Plus |
|
| 650 | 1 |
_aDogs _xFiction. |
|
| 650 | 1 |
_aFlight _xFiction. |
|
| 700 | 1 |
_aDemarest, Chris Larry, _eillustrator |
|
| 906 |
_a7 _bcbc _ccopycat _d2 _eopcn _f19 _gy-gencatlg |
||
| 942 |
_2ddc _cBK _n0 |
||
| 999 |
_c6048 _d6048 |
||